Počitače z hladiska uživatele /

Salvato in:
Dettagli Bibliografici
Autori principali: Holeček, Jiří (Autore), Kuba, Miloslav (Autore)
Natura: Libro
Pubblicazione: Praha : Státní pedagogické nakladatelství, 1988
Tags: Aggiungi Tag
Nessun Tag, puoi essere il primo ad aggiungerne!!

MARC

LEADER 00000nam a22000003a 4500
001 stu15766
005 20150617225758.3
008 ------s1988----cs----------------------d
040 |a STU  |b slo 
041 0
044 |a cs 
080 |a 681.3 
100 1 |a Holeček, Jiří  |4 aut 
245 1 |a Počitače z hladiska uživatele /  |c [aut.]Holeček,Jiří, Kuba,Miloslav 
260 |a Praha :  |b Státní pedagogické nakladatelství,  |c 1988 
300 |a 238 s :  |b Tab.,lit.,register 
700 1 |a Kuba, Miloslav  |4 aut 
996 |b C81065  |c C*81065  |l CCVI  |s P  |a 0  |w stu15766_0001 
996 |b C81308  |c C*81308  |l CCXVIII  |s P  |a 0  |w stu15766_0002 
996 |b C81582  |c C*81582  |l CCXIV  |s P  |a 0  |w stu15766_0003 
996 |b C81066  |c C*81066  |l CCVI  |s P  |a 0  |w stu15766_0004